Tôn trọng quá khứ để vững bước vào tương lai /

محفوظ في:
التفاصيل البيبلوغرافية
المؤلف الرئيسي: Phạm Mai Hùng.
التنسيق: مقال
اللغة:Vietnamese
الوسوم: إضافة وسم
لا توجد وسوم, كن أول من يضع وسما على هذه التسجيلة!
Thư viện lưu trữ: Thư viện Trường Đại học Đà Lạt
LEADER 00655nam a2200229 4500
001 DLU090100603
005 ##20091202
040 # # |a DLU  |b vie 
041 # # |a vie 
044 # # |a vn 
100 # # |a Phạm Mai Hùng. 
245 # # |a Tôn trọng quá khứ để vững bước vào tương lai /  |c Phạm Mai Hùng. 
773 # # |t Văn hoá Nghệ thuật  |g Số 1, 1992, tr. 7-9 
920 # # |a Phòng Tạp chí -- Trung tâm Thông tin - Thư viện Trường Đại học Đà Lạt 
994 # # |a DLU 
900 # # |a True 
911 # # |a Đào Thị Thu Huyền 
925 # # |a G 
926 # # |a A 
927 # # |a BB 
980 # # |a Thư viện Trường Đại học Đà Lạt